000 00474cam a2200181 4500
001 D856
008 090401t1984 xxu||||| |||| 00| 0 eng d
035 _a(Sirsi) u48498
041 _aeng
050 _a306.026
100 _aAldridge, Trevor M.
245 4 _aThe Housing Act 1980 as amended by the Housing and Building Control Act 1984.
260 _aLondon
_bOyez/Longman
_c1984
300 _axxxix. 334p. 22cm
350 _a18.95
942 _n0
948 _c04/03/1997
999 _c92349
_d92349